000 00599nam a2200169 a 4500
001 000033801
005 20200930070529.0
008 110912s1870 000 spa d
040 _aDO-SdBNP
_beng
_cBNPHU
082 _axxxx
_bR811
100 1 _aRoselly de Lorgues,
_d1805-1898
_959075
245 1 0 _aThe life of Christopher Colombus :
_bFrom authentic Spanish and Italian documents /
_cCompiled from the French of Roselly de Lorgues. By J. J. Barry.
260 _aBoston :
_bPatrick Donahoe,
_c1870.
300 _axvi, 620 p. ;
_c21 cm.
700 1 _aBarry, John Joachim
_etrd.
_959222
049 _aBNPD
999 _c33292
_d33292